Top 150 contractors and housebuilders (Record no. 83726)

MARC details
000 -LEADER
fixed length control field 00616cab a22001815a 4500
001 - CONTROL NUMBER
control field L154837
008 - FIXED-LENGTH DATA ELEMENTS--GENERAL INFORMATION
fixed length control field 120123e20120120 000 0 eng u
035 ## - SYSTEM CONTROL NUMBER
System control number (Sirsi) u154837
041 0# - LANGUAGE CODE
Language code of text/sound track or separate title eng
100 1# - MAIN ENTRY--PERSONAL NAME
Personal name Wright, Emily
245 00 - TITLE STATEMENT
Title Top 150 contractors and housebuilders
260 ## - PUBLICATION, DISTRIBUTION, ETC.
Date of publication, distribution, etc. 2012
490 #0 - SERIES STATEMENT
Series statement Building
Volume/sequential designation 277 (8711) 20 January 2012, 40-45 (6)
520 ## - SUMMARY, ETC.
Summary, etc. Annual league tables of the top European contractors and housebuilders; top 150 contractors and housebuilders by turnover; top 150 materials producers by turnover.
651 #4 - SUBJECT ADDED ENTRY--GEOGRAPHIC NAME
Geographic name Europe
690 ## - LOCAL SUBJECT ADDED ENTRY--TOPICAL TERM (OCLC, RLIN)
Topical term or geographic name as entry element Construction management
9 (RLIN) 6230
942 ## - ADDED ENTRY ELEMENTS (KOHA)
Suppress in OPAC 0
Holdings
Withdrawn status Lost status Source of classification or shelving scheme Damaged status Not for loan Home library Current library Shelving location Date acquired Total Checkouts Full call number Barcode Date last seen Copy number Price effective from Koha item type
    Dewey Decimal Classification     London London Journal article 23/01/2012   L154837 154837-1001 06/08/2019 1 06/08/2019 Journal article